| 000 | 00380nam a2200133 4500 | ||
|---|---|---|---|
| 245 |
_aLanguage meaning and religion _cby R. P. Srivastava |
||
| 100 | _aShrivastava, R. P. | ||
| 260 |
_aDelhi _bAjanta Publications _c1990 |
||
| 300 | _a[4],164p.; 22cm. | ||
| 082 |
_a401 _bSRI |
||
| 650 | _alanguage and Logic | ||
| 650 | _aMeta-Epistomology | ||
| 650 | _alanguages-Religious Aspects | ||
| 999 |
_c38141 _d38141 |
||